000 00795nam a2200253Ia 4500
003 OSt
005 20220925235533.0
006 a|||||r|||| 00| 0
007 ta
008 220923b |||||||| |||| 00| 0 eng d
020 _a8171000258
_c550.00
037 _b157/87, 09/09/1987, Atma
_cGeneral Book
040 _aRTL
_cRTL
_beng
041 _2eng
_aeng
082 _aX:770gY:5.2.N8, M7.1
100 _aGhosh B N
_920678
245 0 _aStudies in population and economic development V1
260 _a New Delhi
_bDeep and Deep India
_c1987
300 _a464p.
_ccm.
500 _aBibliography P 819-25
650 _aEconomic Development
_917300
942 _hX:770gY:5.2.N8, M7.1
_cGB
_2CC
999 _c597478
_d597478